Kristallografija i kristallochimija: Posvjaščajetsja pamjati akademika N.V.Belova

Guardado en:
Detalles Bibliográficos
Formato: Libro
Lenguaje:ruso
Publicado: Moskva : Nauka, 1986
Materias:
Etiquetas: Agregar Etiqueta
Sin Etiquetas, Sea el primero en etiquetar este registro!

MARC

LEADER 00000nam a22000003a 4500
001 stu38176
005 20141122050949.5
008 920916s1986----xxr-----------------rus-d
040 |a STU  |b slo 
041 0 |a rus 
044 |a xxr 
080 |a 548.0 
245 |a Kristallografija i kristallochimija: Posvjaščajetsja pamjati akademika N.V.Belova 
260 |a Moskva :  |b Nauka,  |c 1986 
300 |a 325 s 
650 7 |a kryštalografia  |2 stusub 
650 7 |a Kryštalochémia  |2 stusub 
996 |b 284M062025  |c M*667-3  |l MMKN  |s A  |a 24  |w stu38176_0001